Εγχειρίδιον ιστορίας της φιλοσοφίας
Αποθηκεύτηκε σε:
| Κύριος συγγραφέας: | |
|---|---|
| Μορφή: | Βιβλίο |
| Γλώσσα: | Greek |
| Δημοσίευση: |
Εν Αθήναις ; Εν Κωνσταντινουπόλει :
1909-1930.
|
| Θέματα: | |
| Ετικέτες: |
Προσθήκη ετικέτας
Δεν υπάρχουν, Καταχωρήστε ετικέτα πρώτοι!
|
MARC
| LEADER | 00000cam a2200000 i 4500 | ||
|---|---|---|---|
| 001 | 1/93123 | ||
| 008 | 080903m19091930gr | ||| |||| ||gre|| | ||
| 035 | |l 10099879 | ||
| 040 | |a GR-MY-UA |b gre |e aacr | ||
| 041 | 0 | |a gre | |
| 082 | 7 | |a 101 |2 (22) | |
| 100 | 1 | |a Αντωνιάδης, Βασίλειος, |d 1851-1932. | |
| 245 | 1 | 0 | |a Εγχειρίδιον ιστορίας της φιλοσοφίας / |c υπό Βασιλείου Αντωνιάδη. |
| 260 | |a Εν Αθήναις ; Εν Κωνσταντινουπόλει : |c 1909-1930. | ||
| 300 | |a 3τ. σε 1 ; |c 24 εκ. | ||
| 500 | |a Το τεκμήριο με αριθμό εισαγωγής 152865 περιλαμβάνει τον 1ο, 2ο και 3ο τόμο μαζί. | ||
| 504 | |a Περιλαμβάνει βιβλιογραφικές παραπομπές. | ||
| 505 | 0 | |a Τ.1. Ιστορία της αρχαίας φιλοσοφίας -- τ.2. Η μέση φιλοσοφία -- τ.3. Η νεωτέρα φιλοσοφία από Βάκωνος μέχρι Καντίου συμπεριλαμβανομένου | |
| 650 | 0 | 0 | |a Philosophy |x History. |
| 650 | 0 | 0 | |a Philosophy, Ancient |x History. |
| 650 | 0 | 0 | |a Philosophy, Medieval. |
| 650 | 0 | 0 | |a Philosophy, Modern. |
| 740 | 0 | 2 | |a Ιστορία της αρχαίας φιλοσοφίας |
| 740 | 0 | 2 | |a Η μέση φιλοσοφία |
| 740 | 0 | 2 | |a Η νεωτέρα φιλοσοφία από Βάκωνος μέχρι Καντίου συμπεριλαμβανομένου |
| 852 | |a INST |b RHODES |c AKA |e 20080903 |h 101 ΑΝΤ |p 005400028716 |q 005400028716 |t BK |y 0 | ||
| 901 | |a BIBL4-2008-3 | ||
| 909 | |a Ρ |b 152865 | ||
| 970 | |a ΧΑΡΙΟΠΟΛΙΤΟΥ |b ΚΩΝΣΤΑΝΤΙΝΑ |z 2008/09/03 | ||